000 00997nam a2200337 i 4500
003 EG-GICUC
005 20260507134906.0
008 260507s1916 enk||||fr|||| 00| 0 eng d
040 _aEG-GiCUC
_beng
_cEG-GiCUC
_dEG-GiCUC
_erda
041 _aeng
082 0 4 _221
_a343.3
_bPA.W
092 0 4 _221
099 _aLaw1 10 343.3 PA.W 4ed 1961
100 1 _aPalmer , H. A.
_eAuthor.
245 _aWilshere's Criminal Procedure /
_c H. A. Palmer .
250 _a4ed.
264 _aLondon :
_bSweet& Maxwell Limited ,
_c1961 .
300 _a338 pages ,
_c24 cm
336 _2rda content
_atext
337 _2rda media
_aComputer
338 _2rda carrier
_aOnline Resource
500 _aInclude Index Pages 328-338.
546 _aText in English
650 1 _aCriminal law
650 1 _aCriminal Procedure Code
651 1 _2qrmak
700 1 _aHenry Palmer
_eContributor
856 4 0 _uhttps://fll.law.cu.edu.eg/fulltext/bks/B07-05426.pdf
905 _a60
942 _2ddc
_cBK
_e21
_n0
999 _c76162
_d76162